00423nam a2200169Ia 450000500170000000800410001702000180005804100080007608200130008410000140009724500570011126000320016830000090020050000150020965000150022470000140023920230318125925.0230125s9999 xx 000 0 und d a9780465025091 aeng a150bGAR aGardner H aFrames of MindbThe Theory of Multiple Intelligences c1983bBasic BooksaNew York a440p aPsychology aPsychology aGardner H